<?xml version="1.0" encoding="UTF-8"?>
<record
    xmlns:xsi="http://www.w3.org/2001/XMLSchema-instance"
    xsi:schemaLocation="http://www.loc.gov/MARC21/slim http://www.loc.gov/standards/marcxml/schema/MARC21slim.xsd"
    xmlns="http://www.loc.gov/MARC21/slim">

  <leader>01201nam a2200301 i 4500</leader>
  <controlfield tag="001">185230</controlfield>
  <controlfield tag="003">SpMaBN</controlfield>
  <controlfield tag="005">20251207124551.0</controlfield>
  <controlfield tag="008">160420s2003    sp j         |||| |bspa d</controlfield>
  <datafield tag="080" ind1=" " ind2=" ">
    <subfield code="a">929 Einstein, Albert</subfield>
  </datafield>
  <datafield tag="100" ind1="1" ind2=" ">
    <subfield code="a">Highfield, Roger.</subfield>
    <subfield code="9">159402</subfield>
  </datafield>
  <datafield tag="245" ind1="1" ind2="4">
    <subfield code="a">Las vidas privadas de Albert Einstein / </subfield>
    <subfield code="c">Roger Highfield y Paul Carter ; pr&#xF3;logo de C&#xE9;sar Nombela ; [traductor, Javier Alfaya].</subfield>
  </datafield>
  <datafield tag="250" ind1=" " ind2=" ">
    <subfield code="a">Ed. especial para este peri&#xF3;dico.</subfield>
  </datafield>
  <datafield tag="260" ind1=" " ind2=" ">
    <subfield code="a">[Barcelona] : </subfield>
    <subfield code="b">ABC : </subfield>
    <subfield code="b">Folio, </subfield>
    <subfield code="c">[2003]</subfield>
  </datafield>
  <datafield tag="300" ind1=" " ind2=" ">
    <subfield code="a">380 p. ; </subfield>
    <subfield code="c">21 cm.</subfield>
  </datafield>
  <datafield tag="490" ind1="1" ind2=" ">
    <subfield code="a">Biblioteca ABC. Protagonistas del s. XX ; </subfield>
    <subfield code="v">18. Las biograf&#xED;as que construyeron el siglo</subfield>
  </datafield>
  <datafield tag="500" ind1=" " ind2=" ">
    <subfield code="a">&#xCD;ndice.</subfield>
  </datafield>
  <datafield tag="504" ind1=" " ind2=" ">
    <subfield code="a">Bibliograf&#xED;a: p. [361]-364.</subfield>
  </datafield>
  <datafield tag="600" ind1="1" ind2="4">
    <subfield code="a">Einstein, Albert, </subfield>
    <subfield code="d">1879-1955</subfield>
    <subfield code="9">46838</subfield>
  </datafield>
  <datafield tag="700" ind1="1" ind2=" ">
    <subfield code="a">Carter, Paul.</subfield>
    <subfield code="9">159403</subfield>
  </datafield>
  <datafield tag="700" ind1="1" ind2=" ">
    <subfield code="a">Nombela Cano, C&#xE9;sar.</subfield>
    <subfield code="9">85932</subfield>
  </datafield>
  <datafield tag="700" ind1="1" ind2=" ">
    <subfield code="a">Alfaya, Javier, </subfield>
    <subfield code="d">1939-2018</subfield>
    <subfield code="9">19827</subfield>
  </datafield>
  <datafield tag="710" ind1="2" ind2=" ">
    <subfield code="a">Diario ABC.</subfield>
    <subfield code="9">1137</subfield>
  </datafield>
  <datafield tag="830" ind1="0" ind2="0">
    <subfield code="a">Biblioteca ABC. Protagonistas del s. XX</subfield>
    <subfield code="v">18. Las biograf&#xED;as que construyeron el siglo</subfield>
    <subfield code="9">192266</subfield>
  </datafield>
  <datafield tag="852" ind1=" " ind2=" ">
    <subfield code="a">ES-MaACL</subfield>
    <subfield code="j">A-13706</subfield>
    <subfield code="9">192250</subfield>
    <subfield code="b">R.150376</subfield>
    <subfield code="c">DEPO1</subfield>
    <subfield code="d">Olim: N-6706 </subfield>
    <subfield code="x">- enc. cart.</subfield>
  </datafield>
  <datafield tag="942" ind1=" " ind2=" ">
    <subfield code="2">udc</subfield>
  </datafield>
  <datafield tag="999" ind1=" " ind2=" ">
    <subfield code="c">185230</subfield>
    <subfield code="d">185230</subfield>
  </datafield>
  <datafield tag="952" ind1=" " ind2=" ">
    <subfield code="0">0</subfield>
    <subfield code="1">0</subfield>
    <subfield code="2">udc</subfield>
    <subfield code="4">0</subfield>
    <subfield code="7">0</subfield>
    <subfield code="a">ATENEOM</subfield>
    <subfield code="b">ATENEOM</subfield>
    <subfield code="c">DEPO1</subfield>
    <subfield code="d">2016-04-20</subfield>
    <subfield code="e">DONACION</subfield>
    <subfield code="l">0</subfield>
    <subfield code="o">A-13706</subfield>
    <subfield code="p">1195137</subfield>
    <subfield code="r">2023-02-23 00:00:00</subfield>
    <subfield code="w">2023-02-23</subfield>
    <subfield code="y">MONOGRAFIA</subfield>
  </datafield>
</record>
